Länder des Römischen Reiches - Statistiken

Allgemein
  • Dieses Quiz wurde 38 mal gespielt
  • Das Durchschnittsergebnis liegt bei 46 aus 50
Antworten auf der Karte
Die Antworten werden auf der Karte rot bzw. grün angezeigt, abhängig davon wie oft sie richtig erraten wurden.
 
Antwortstatistiken
Land % Korrekt
Italien
100%
Belgien
97%
Bosnien und Herzegowina
97%
Bulgarien
97%
Deutschland
97%
Kosovo
97%
Kroatien
97%
Niederlande
97%
Österreich
97%
Portugal
97%
Rumänien
97%
Schweiz
97%
Serbien
97%
Slowakei
97%
Slowenien
97%
Spanien
97%
Tschechien
97%
Türkei
97%
Ungarn
97%
Albanien
94%
Frankreich
94%
Griechenland
94%
Montenegro
94%
Nordmazedonien
94%
Tunesien
94%
Zypern
94%
Ägypten
92%
Algerien
92%
Israel
92%
Malta
92%
Vereinigtes Königreich
92%
Luxemburg
89%
Marokko
89%
Syrien
89%
Ukraine
89%
Vatikanstadt
89%
Irak
86%
Jordanien
86%
Moldawien
86%
Saudi Arabien
86%
Andorra
83%
Aserbaidschan
83%
Georgien
83%
Iran
83%
Libanon
83%
Libyen
83%
Armenien
81%
Liechtenstein
81%
Monaco
81%
San Marino
81%
Keine übereinstimmenden Quizze gefunden
Verteilung der Resultate
Anzahl Personen mit jedem Resultat
Perzentil nach korrekt beantworteten Fragen
Ihre Resultats-Entwicklung
Sie haben dieses Quiz noch nicht gespielt